000 00375nam a22001577a 4500
999 _c535335
_d535335
003 NUST
020 _a012345614514
_qPB.
038 _aFizza Ishaq
082 _a624.171
_bHIB
100 _aHibbeler, R.C
_91019
245 _aStructural Analysis /
_cHibbeler, R.C
250 _a9Th ed.
260 _aNew Delhi
_bPearson,
_c2015.
300 _b700 p. ;
942 _2ddc
_cBK